Statistics for U.S. States Where the Cardinal is State Bird

Click here to take the quiz!

General Stats

  • This quiz has been taken 44 times
  • The average score is 5 of 7

Answer Stats

SinceState% Correct
1933Indiana
91%
1929Illinois
88%
1926Kentucky
88%
1933Ohio
81%
1950Virginia
75%
1943North Carolina
63%
1949West Virginia
63%

Score Distribution

Percentile by Number Answered

Percent of People with Each Score

Your Score History

You have not taken this quiz